Badang perkasa (Record no. 60106)

MARC details
000 -LEADER
fixed length control field 00708nam a2200265 i 4500
001 - CONTROL NUMBER
control field C2-0246136
003 - CONTROL NUMBER IDENTIFIER
control field PPAK
005 - DATE AND TIME OF LATEST TRANSACTION
control field 20180727210944.0
008 - FIXED-LENGTH DATA ELEMENTS--GENERAL INFORMATION
fixed length control field 030322s2002 my |||| ||||| | may d
020 ## - INTERNATIONAL STANDARD BOOK NUMBER
International Standard Book Number 9830572676
040 ## - CATALOGING SOURCE
Original cataloging agency PPAK
Language of cataloging eng
Transcribing agency PPAK
Description conventions rda
082 04 - DEWEY DECIMAL CLASSIFICATION NUMBER
Classification number 398.2
Edition number 23
090 00 - LOCALLY ASSIGNED LC-TYPE CALL NUMBER (OCLC); LOCAL CALL NUMBER (RLIN)
Classification number (OCLC) (R) ; Classification number, CALL (RLIN) (NR) 398.2
Feature heading ARI
Feature heading K
100 0# - MAIN ENTRY--PERSONAL NAME
Personal name A. Rizal Rahim,
Relator term author
245 10 - TITLE STATEMENT
Title Badang perkasa
264 #1 - PRODUCTION, PUBLICATION, DISTRIBUTION, MANUFACTURE, AND COPYRIGHT NOTICE
Place of production, publication, distribution, manufacture Kuala Lumpur :
Name of producer, publisher, distributor, manufacturer Jade Green ,
Date of production, publication, distribution, manufacture, or copyright notice 2002
300 ## - PHYSICAL DESCRIPTION
Extent 103 pages ;
Dimensions 18 cm
336 ## - CONTENT TYPE
Source rdacontent
Content type term text
337 ## - MEDIA TYPE
Source rdamedia
Media type term unmediated
338 ## - CARRIER TYPE
Source rdacarrier
Carrier type term volume
490 1# - SERIES STATEMENT
Series statement Siri cerita rakyat awansari
650 10 - SUBJECT ADDED ENTRY--TOPICAL TERM
Topical term or geographic name entry element Folklore, Malaysia
830 #0 - SERIES ADDED ENTRY--UNIFORM TITLE
Uniform title Siri cerita rakyat awansari
942 ## - ADDED ENTRY ELEMENTS (KOHA)
-- dc
Koha item type Book
Holdings
Withdrawn Not for loan Current library Shelving location Date acquired Total Checkouts Full call number Barcode Date last seen Koha item type Date last checked out
    Perpustakaan Kulim Pinjaman Kanak-kanak 28/11/2004   K 398.2 ARI A01072597 08/05/2018 Book  
    Perpustakaan Kulim Pinjaman Kanak-kanak 28/11/2004 3 K 398.2 ARI A01072598 02/06/2024 Book 25/05/2024
    PD36, Kg. Kuala Lanjut, Kota Star Pinjaman Kanak-kanak 20/05/2003   K 398.2 ARI A01045405 08/05/2018 Book